[Event "Olimpiade 2022 - Open"]
[Site "Chennai"]
[Date "06.08.2022"]
[Round "8.38"]
[Board "3"]
[White "Murshed, Niaz"]
[Black "Xie, Felix"]
[Result "1/2-1/2"]
[WhiteTitle "GM"]
[BlackTitle "CM"]
[WhiteElo "2413"]
[BlackElo "2224"]
[WhiteTeam "Bangladesh"]
[BlackTeam "New Zealand"]
[WhiteFideId "10200010"]
[BlackFideId "4308174"]
[EventDate "2022.07.29"]

1. d4 d5 2. c4 e6 3. Nc3 Be7 4. Nf3 Nf6 5. Bg5 h6 6. Bh4 O-O 7. e3 b6 8. Bd3 Bb7
9. O-O Nbd7 10. Rc1 c5 11. cxd5 Nxd5 12. Bg3 Nxc3 13. Rxc3 Nf6 14. dxc5 Bxc5 15.
a3 Nd5 16. Rc2 Bd6 17. Qe2 Bxg3 18. hxg3 Rc8 19. Rfc1 Qd7 20. Nd4 Rxc2 21. Rxc2
Rc8 22. Bb5 Rxc2 23. Qxc2 Qc7 24. Qxc7 Nxc7 25. Bc6 Bxc6 26. Nxc6 a6 27. Kf1 Kf8
28. Ke2 Ke8 29. Ne5 f6 30. Nc4 b5 31. Na5 Kd7 32. b4 e5 33. Kd3 f5 34. e4 g6 35.
f4 exf4 36. gxf4 Ne6 37. g3 h5 38. Ke3 fxe4 39. Kxe4 Ng7 40. Nb3 Nf5 41. Kf3 Kc6
42. g4 1/2-1/2

[Event "Olimpiade 2022 - Open"]
[Site "Chennai"]
[Date "06.08.2022"]
[Round "8.39"]
[Board "1"]
[White "Matamoros Franco, Carlos S."]
[Black "Silva, David"]
[Result "1-0"]
[WhiteTitle "GM"]
[BlackTitle "IM"]
[WhiteElo "2459"]
[BlackElo "2315"]
[WhiteTeam "Ecuador"]
[BlackTeam "Angola"]
[WhiteFideId "3600017"]
[BlackFideId "10101314"]
[EventDate "2022.07.29"]

1. Nf3 Nf6 2. g3 g6 3. Bg2 Bg7 4. c4 O-O 5. Nc3 c5 6. d4 Nc6 7. dxc5 Qa5 8. O-O
Qxc5 9. b3 d6 10. Bb2 Qh5 11. h4 Ne4 12. Qc1 Bh6 13. Qc2 Nf6 14. Rfe1 Bf5 15. e4
Nb4 16. Qb1 Bg4 17. Nh2 Bd2 18. Nxg4 Qxg4 19. e5 Bxe1 20. exf6 Bxf2+ 21. Kxf2
Qd4+ 22. Ke2 Qg4+ 23. Kf1 Qxg3 24. Qe1 Qf4+ 25. Qf2 Qxf2+ 26. Kxf2 e6 27. Rd1
Rab8 28. Ba3 a5 29. Rxd6 Rfd8 30. Rxd8+ Rxd8 31. Bxb7 Rd2+ 32. Ke1 Rd7 33. Be4 1-0

[Event "Olimpiade 2022 - Open"]
[Site "Chennai"]
[Date "06.08.2022"]
[Round "8.39"]
[Board "2"]
[White "Miguel, Sergio"]
[Black "Bastidas Rodriguez, Emilio"]
[Result "0-1"]
[WhiteTitle "FM"]
[BlackTitle "IM"]
[WhiteElo "2274"]
[BlackElo "2351"]
[WhiteTeam "Angola"]
[BlackTeam "Ecuador"]
[WhiteFideId "10100792"]
[BlackFideId "3600459"]
[EventDate "2022.07.29"]

1. e4 c5 2. Nf3 d6 3. d4 cxd4 4. Nxd4 Nf6 5. Nc3 a6 6. h3 e6 7. g4 d5 8. exd5
Nxd5 9. Bd2 Bc5 10. Nb3 Be7 11. Bg2 O-O 12. O-O Nb6 13. Qe2 Qc7 14. Rad1 Bd7 15.
Bc1 Bc6 16. Ne4 Bb5 17. Rd3 Nc6 18. Nc3 Bxd3 19. Qxd3 Nb4 20. Qe2 Rad8 21. Na5
N6d5 22. Nxd5 exd5 23. c3 Rfe8 24. Nxb7 Qxb7 25. cxb4 Bxb4 26. Qd3 Qb5 27. Qxb5
axb5 28. a3 Be1 29. Be3 d4 30. Rxe1 dxe3 31. fxe3 Rd2 32. Bc6 Re5 33. b3 Rc2 34.
Rd1 g6 35. Bd7 Rxe3 36. Bxb5 Rg3+ 0-1

[Event "Olimpiade 2022 - Open"]
[Site "Chennai"]
[Date "06.08.2022"]
[Round "8.40"]
[Board "1"]
[White "Al Hosani, Omran"]
[Black "Greet, Andrew N"]
[Result "0-1"]
[WhiteTitle "IM"]
[BlackTitle "IM"]
[WhiteElo "2215"]
[BlackElo "2392"]
[WhiteTeam "United Arab Emirates"]
[BlackTeam "Scotland"]
[WhiteFideId "9308733"]
[BlackFideId "405817"]
[EventDate "2022.07.29"]

1. d4 e6 2. c4 f5 3. Nc3 Nf6 4. a3 b6 5. Bf4 g6 6. e3 Bg7 7. Nh3 Bb7 8. Bg3 O-O
9. Qc2 Ne4 10. Nxe4 Bxe4 11. Qd2 Bb7 12. Nf4 c5 13. dxc5 Na6 14. Nd3 Nxc5 15.
Nxc5 bxc5 16. Bd6 Qb6 17. Bxf8 Rxf8 18. Rb1 Be4 19. Bd3 Bxg2 20. Rg1 Bc6 21. b4
Qc7 22. Rg3 f4 23. exf4 Rxf4 24. bxc5 Bd4 25. f3 Bxf3 26. Be2 Qe5 27. Rb8+ Kg7
28. Rxf3 Rxf3 29. Kd1 Rxa3 30. Rb1 Qxc5 31. Qb4 Ra1 32. Qb7 Rxb1+ 33. Qxb1 Be5
34. Qb7 Qd4+ 35. Kc2 Bxh2 36. Qb5 Bg1 37. Qb4 Qc5 38. Qb7 Qd6 39. Bd3 Bc5 40.
Qc8 a5 41. Qa8 Bb4 42. Qa7 e5 43. Qa8 Qd4 44. Qf3 a4 45. Be4 Qxc4+ 46. Kb1 Qb3+
47. Qxb3 axb3 48. Kb2 h5 49. Kxb3 Bc5 50. Kc4 d6 51. Bf3 Kh6 52. Kd3 g5 53. Ke4
g4 54. Be2 Kg5 55. Bd1 h4 56. Be2 h3 57. Bf1 Kh4 0-1

[Event "Olimpiade 2022 - Open"]
[Site "Chennai"]
[Date "06.08.2022"]
[Round "8.41"]
[Board "1"]
[White "Gemy, Jose Daniel"]
[Black "Rakotomaharo, Fy Antenaina"]
[Result "1/2-1/2"]
[WhiteTitle "IM"]
[BlackTitle "IM"]
[WhiteElo "2373"]
[BlackElo "2490"]
[WhiteTeam "Bolivia"]
[BlackTeam "Madagascar"]
[WhiteFideId "3301478"]
[BlackFideId "13100050"]
[EventDate "2022.07.29"]

1. e4 c5 2. Nf3 e6 3. d4 cxd4 4. Nxd4 Nf6 5. Nc3 Nc6 6. Nxc6 bxc6 7. e5 Nd5 8.
Ne4 Bb7 9. c4 Nb4 10. a3 Qa5 11. Nc3 Qxe5+ 12. Be2 Na6 13. f4 Qd6 14. Qc2 Be7
15. Be3 O-O 16. Bd3 f5 17. O-O-O Qc7 18. g4 Qa5 19. gxf5 exf5 20. Bd2 Nc5 21.
Bxf5 Rxf5 22. Nd5 Qd8 23. Nxe7+ Qxe7 24. Qxf5 Nb3+ 25. Kb1 Nxd2+ 26. Rxd2 c5 27.
Rd5 Rf8 28. Qe5 Qxe5 29. fxe5 Bxd5 30. cxd5 Rf2 31. Rc1 Rxh2 32. Rxc5 Re2 33.
Rc8+ Kf7 34. Rc7 Rxe5 35. Rxd7+ Re7 36. Rd8 h5 37. d6 Rb7 38. Kc2 Ke6 39. Rh8 g6
40. Rg8 Kf6 41. Rd8 Rh7 42. d7 Kg5 43. b4 h4 44. b5 h3 45. a4 h2 46. Rf8 Rxd7
47. Rh8 Rd4 48. Rxh2 Rxa4 49. Kb3 Rh4 50. Rg2+ Kf5 51. Rf2+ Ke6 52. Rg2 Rh3+ 53.
Kb4 Kf5 54. Rf2+ Ke6 55. Re2+ Kf6 56. Rf2+ Ke6 57. Re2+ 1/2-1/2

[Event "Olimpiade 2022 - Open"]
[Site "Chennai"]
[Date "06.08.2022"]
[Round "8.42"]
[Board "1"]
[White "Nielsen, Hogni Egilstoft"]
[Black "Masango, Spencer"]
[Result "1/2-1/2"]
[WhiteTitle "FM"]
[WhiteElo "2414"]
[BlackElo "2170"]
[WhiteTeam "Faroe Islands"]
[BlackTeam "Zimbabwe"]
[WhiteFideId "7200404"]
[BlackFideId "14300753"]
[EventDate "2022.07.29"]

1. e4 e5 2. Nf3 Nc6 3. Bc4 Bc5 4. O-O Nf6 5. d3 O-O 6. Nbd2 a6 7. c3 Ba7 8. Re1
Ng4 9. Re2 d6 10. h3 Nf6 11. Bb3 Nh5 12. Nf1 Qf6 13. Bg5 Qg6 14. Kh1 Be6 15. Qd2
h6 16. Be3 Bxe3 17. fxe3 Ng3+ 18. Nxg3 Qxg3 19. Qe1 Qxe1+ 20. Rexe1 Bxb3 21.
axb3 f5 22. exf5 Rxf5 23. e4 Rf4 24. Rf1 Raf8 25. Kg1 Nd8 26. b4 Ne6 27. Rae1
R4f7 28. Re3 Nf4 29. Nd2 Rf6 30. Kh2 g5 31. d4 exd4 32. cxd4 Ne6 33. Rxf6 Rxf6
34. Nf3 Rf7 35. Rc3 c6 36. d5 cxd5 37. exd5 Nc7 38. Nd2 Nxd5 39. Rd3 Nxb4 40.
Rxd6 Kg7 41. Ne4 Nc2 42. Rb6 Ne3 43. Nc5 Nc4 44. Rb4 Nd6 45. Rb6 Nc4 46. Rb4 Na5
47. Rd4 Re7 48. Rd8 Nc4 49. b3 Na5 50. Rd6 Nc6 51. Nxb7 Rxb7 1/2-1/2

[Event "Olimpiade 2022 - Open"]
[Site "Chennai"]
[Date "06.08.2022"]
[Round "8.43"]
[Board "1"]
[White "Kaloust, Giorgio"]
[Black "Stanojoski, Zvonko"]
[Result "0-1"]
[BlackTitle "GM"]
[WhiteElo "1942"]
[BlackElo "2412"]
[WhiteTeam "Lebanon"]
[BlackTeam "North Macedonia"]
[WhiteFideId "5303699"]
[BlackFideId "15000257"]
[EventDate "2022.07.29"]

1. d4 g6 2. g3 Bg7 3. Bg2 c5 4. d5 d6 5. c4 Na6 6. Nf3 Nc7 7. a4 Nf6 8. Nc3 O-O
9. O-O Rb8 10. Qc2 Na6 11. e4 Bg4 12. h3 Bxf3 13. Bxf3 Nb4 14. Qd1 e6 15. Bf4 e5
16. Be3 h6 17. Qd2 Kh7 18. Bg2 a6 19. f4 Nh5 20. fxe5 Nxg3 21. Rf3 Bxe5 22. Bxh6
Qe7 23. Bxf8 Rxf8 24. Re1 Qh4 25. Qc1 Kg7 26. Ne2 Nxe4 27. Nc3 Ng5 28. Ref1
Nxf3+ 29. Rxf3 Qxc4 30. Qd2 Qd4+ 31. Rf2 Nd3 0-1

[Event "Olimpiade 2022 - Open"]
[Site "Chennai"]
[Date "06.08.2022"]
[Round "8.44"]
[Board "1"]
[White "Toczek, Grzegorz"]
[Black "Solomon, Kenny"]
[Result "1/2-1/2"]
[WhiteTitle "FM"]
[BlackTitle "GM"]
[WhiteElo "2287"]
[BlackElo "2355"]
[WhiteTeam "Wales"]
[BlackTeam "South Africa"]
[WhiteFideId "1106457"]
[BlackFideId "14300192"]
[EventDate "2022.07.29"]

1. e4 c5 2. Nf3 d6 3. d4 cxd4 4. Nxd4 Nf6 5. Nc3 a6 6. h4 e5 7. Nb3 Be6 8. f4 b5
9. f5 Bc8 10. a4 b4 11. Nd5 Nbd7 12. Bg5 Bb7 13. Bc4 Be7 14. g3 Rc8 15. Bxf6
Nxf6 16. Nxf6+ Bxf6 17. Qd3 O-O 18. Rh2 d5 19. Bxa6 Bxa6 20. Qxa6 dxe4 21. Rd2
Qc7 22. Qe2 e3 23. Qxe3 e4 24. Kf2 Bxb2 25. Rad1 Qe5 26. Qf4 Qxf4+ 27. gxf4 Rfe8
28. Re2 Kf8 29. h5 Rc6 30. Kg3 Bc3 31. a5 Bf6 32. Rd5 Rec8 33. Nd4 Rc3+ 34. Kg4
Ra3 35. Nb3 Ra2 36. Rc5 Re8 37. Rc4 Bc3 38. Rcxe4 Rxe4 39. Rxe4 Rxc2 40. Nc5 f6
41. Ne6+ Kf7 42. Nd8+ Kf8 43. Ne6+ Kf7 44. Nd8+ Kf8 1/2-1/2

[Event "Olimpiade 2022 - Open"]
[Site "Chennai"]
[Date "06.08.2022"]
[Round "8.44"]
[Board "2"]
[White "Cawdery, Daniel"]
[Black "Blackburn, Jonathan L B"]
[Result "1-0"]
[WhiteTitle "IM"]
[BlackTitle "FM"]
[WhiteElo "2417"]
[BlackElo "2176"]
[WhiteTeam "South Africa"]
[BlackTeam "Wales"]
[WhiteFideId "14300249"]
[BlackFideId "1801090"]
[EventDate "2022.07.29"]

1. e4 e6 2. d4 d5 3. e5 c5 4. c3 Bd7 5. Nf3 Nc6 6. Be2 f6 7. O-O fxe5 8. Nxe5
Nxe5 9. dxe5 Qc7 10. Nd2 Ne7 11. b4 cxb4 12. cxb4 Nc6 13. b5 Nd4 14. Bb2 Qxe5
15. Bh5+ g6 16. Nc4 Qxh5 17. Qxd4 Rg8 18. Ne5 Bd6 19. Rfe1 Rf8 20. f4 Qf5 21. g3
Bxb5 22. a4 b6 23. Ba3 Bxa3 24. Rxa3 Bc4 25. a5 Ke7 26. axb6 axb6 27. Rxa8 Rxa8
28. Qxb6 Ra2 29. Rb1 Kf8 30. Qd8+ Kg7 31. Rb7+ Kh6 32. Qh4+ Qh5 33. Ng4# 1-0

[Event "Olimpiade 2022 - Open"]
[Site "Chennai"]
[Date "06.08.2022"]
[Round "8.46"]
[Board "1"]
[White "Saraci, Nderim"]
[Black "Rehan, Deng Cypriano"]
[Result "1/2-1/2"]
[WhiteTitle "IM"]
[WhiteElo "2495"]
[BlackElo "2105"]
[WhiteTeam "Kosovo"]
[BlackTeam "South Sudan"]
[WhiteFideId "6351921"]
[BlackFideId "32500084"]
[EventDate "2022.07.29"]

1. c4 e5 2. g3 Nf6 3. Bg2 d5 4. cxd5 Nxd5 5. Nf3 Nc6 6. Nc3 Be6 7. O-O Be7 8.
Qc2 Qd7 9. b3 f6 10. Bb2 Ndb4 11. Qc1 a5 12. Rd1 Nd4 13. Nxd4 exd4 14. Na4 d3
15. Nc5 Bxc5 16. Qxc5 dxe2 17. Qh5+ Qf7 18. Qxe2 O-O 19. Bc3 Bd5 20. Bxb4 axb4
21. Qb5 Rfd8 22. Bxd5 Qxd5 23. Qxb4 Qf3 24. Qc4+ Rd5 25. Qxc7 h5 26. Qc3 Rd3 27.
Qc4+ Kh8 28. b4 b5 29. Qf4 Qxf4 30. gxf4 Rad8 31. Rac1 R8d4 32. Rc5 Rxb4 33.
Rxh5+ Kg8 34. f5 Rb2 35. Re1 Rd8 36. Re7 Rbxd2 37. Rh3 R2d7 38. Re6 Rd5 39. Rf3
Kf7 40. Rb6 R8d6 41. Rb7+ Rd7 42. Rb8 Rd8 43. Rxd8 Rxd8 44. Kg2 b4 45. Rb3 Rd2
46. Rxb4 Rxa2 47. Kg3 Kg8 48. h4 Kh7 49. Rb8 Ra1 50. Rb3 Rg1+ 51. Kh3 Rf1 52.
Kg2 Ra1 53. Rb5 Rc1 54. Rb4 Rc5 55. Rf4 Rc3 56. f3 Rc2+ 57. Kg3 Rc5 58. Kg4 Rc1
59. Rd4 Rg1+ 60. Kf4 Re1 61. Rd8 Rh1 62. Kg3 Rg1+ 63. Kh2 Re1 64. f4 Re3 65. h5
Rf3 66. Rd4 Ra3 67. Rd8 Rf3 1/2-1/2

[Event "Olimpiade 2022 - Open"]
[Site "Chennai"]
[Date "06.08.2022"]
[Round "8.47"]
[Board "1"]
[White "Alfaro, William"]
[Black "Munoz Santana, Jose Lisandro"]
[Result "1/2-1/2"]
[WhiteTitle "FM"]
[BlackTitle "IM"]
[WhiteElo "2155"]
[BlackElo "2423"]
[WhiteTeam "Nicaragua"]
[BlackTeam "Dominican Republic"]
[WhiteFideId "6100457"]
[BlackFideId "6400361"]
[EventDate "2022.07.29"]

1. d4 Nf6 2. Nf3 e6 3. c4 c5 4. d5 d6 5. Nc3 g6 6. e4 Bg7 7. dxe6 Bxe6 8. Bf4
O-O 9. Be2 Qb6 10. Qb3 Nc6 11. Bxd6 Rfd8 12. Qxb6 axb6 13. Bc7 Rdc8 14. Bg3 Nd4
15. Bd3 Rd8 16. Nd5 Bxd5 17. exd5 Nxf3+ 18. gxf3 Nd7 19. O-O Bxb2 20. Rab1 Rxa2
21. Rfe1 Bd4 22. Re7 Bf6 23. Re2 Rxe2 24. Bxe2 Re8 25. Kf1 Be5 26. Bd1 Bxg3 27.
hxg3 Ra8 28. f4 h5 29. d6 Ra2 30. Bf3 Rd2 31. Rd1 Rd4 32. Rxd4 cxd4 33. Bxb7 Kf8
34. Bc6 Nc5 35. Ke2 f6 36. Kd2 Kf7 37. Bd5+ Ke8 38. Bc6+ Kd8 39. Ke2 f5 40. f3
Ne6 41. Kd3 g5 42. fxg5 f4 43. gxf4 h4 44. f5 Nxg5 45. Kxd4 h3 46. f4 Nf7 47. c5
bxc5+ 48. Kxc5 h2 49. Bh1 Kd7 50. Bc6+ Kc8 51. f6 Nd8 52. Bh1 Kd7 53. Kd5 Nf7
54. Bg2 Nxd6 55. Ke5 Nf7+ 56. Kf5 Ke8 57. Bc6+ Kf8 58. Kg4 Nh6+ 59. Kh3 Ng8 60.
Kxh2 Nxf6 1/2-1/2

[Event "Olimpiade 2022 - Open"]
[Site "Chennai"]
[Date "06.08.2022"]
[Round "8.48"]
[Board "4"]
[White "Akinseye, Abiola"]
[Black "Shaw, Jaden"]
[Result "0-1"]
[WhiteTitle "FM"]
[WhiteElo "2214"]
[BlackElo "1930"]
[WhiteTeam "Nigeria"]
[BlackTeam "Jamaica"]
[WhiteFideId "8503010"]
[BlackFideId "7402880"]
[EventDate "2022.07.29"]

1. e4 e6 2. d4 d5 3. Nd2 c5 4. c3 cxd4 5. cxd4 Nc6 6. Ngf3 Bb4 7. e5 Qb6 8. a3
Bxd2+ 9. Qxd2 a5 10. Qg5 Nge7 11. Qxg7 Rg8 12. Qf6 Rg6 13. Qh8+ Rg8 14. Qxh7
Nxd4 15. Ng5 Qc7 16. Nxf7 Nc2+ 17. Kd1 Nxa1 18. h4 Bd7 19. Nd6+ Kd8 20. Bd3 Ba4+
21. Ke2 Nb3 22. Bg5 Rxg5 23. hxg5 Kd7 24. f4 Qc5 25. f5 Nd4+ 26. Kd2 exf5 27.
Nxf5 Nxf5 28. Bxf5+ Kd8 29. Qh8+ Be8 30. Bh3 Ra6 31. Rc1 Qd4+ 32. Ke1 Qg1+ 33.
Kd2 Qf2+ 34. Kd1 Qxb2 35. g6 Qb3+ 36. Kd2 Qb2+ 37. Rc2 Qd4+ 38. Kc1 Rxg6 39. Kb1
Qd1+ 40. Kb2 Rb6+ 0-1

[Event "Olimpiade 2022 - Open"]
[Site "Chennai"]
[Date "06.08.2022"]
[Round "8.52"]
[Board "2"]
[White "Schadler, Martin"]
[Black "Johnson, Joshua"]
[Result "0-1"]
[BlackTitle "FM"]
[WhiteElo "1939"]
[BlackElo "2178"]
[WhiteTeam "Liechtenstein"]
[BlackTeam "Trinidad & Tobago"]
[WhiteFideId "12000019"]
[BlackFideId "7700768"]
[EventDate "2022.07.29"]

1. d4 d5 2. c4 c6 3. Nf3 Nf6 4. g3 Bf5 5. Bg2 e6 6. O-O Be7 7. Re1 h6 8. Nc3 O-O
9. Ne5 Nbd7 10. cxd5 exd5 11. Nxd7 Qxd7 12. e4 dxe4 13. Nxe4 Nxe4 14. Bxe4 Bf6
15. Bxf5 Qxf5 16. Be3 Rfd8 17. Qb3 Rd7 18. Rac1 Qd5 19. Qa3 a6 20. Rcd1 Rad8 21.
Qa4 Qh5 22. Qc2 Rd5 23. Rd2 Qg4 24. Rde2 Rf8 25. Qb3 Qd7 26. Rd1 Re8 27. Red2
Rd8 28. Qb4 a5 29. Qc3 c5 30. Qb3 cxd4 31. Rd3 Qg4 32. Bf4 b5 33. Bc7 a4 34. Qc2
Rc8 35. Qc6 Rd7 36. Qxb5 Rdxc7 37. Qxa4 Rc1 38. b4 Qe2 39. Rd2 Qxd2 0-1

[Event "Olimpiade 2022 - Open"]
[Site "Chennai"]
[Date "06.08.2022"]
[Round "8.54"]
[Board "1"]
[White "Zaibi, Amir"]
[Black "Beukes, Dante M"]
[Result "0-1"]
[WhiteTitle "GM"]
[BlackTitle "IM"]
[WhiteElo "2398"]
[BlackElo "2234"]
[WhiteTeam "Tunisia"]
[BlackTeam "Namibia"]
[WhiteFideId "5500796"]
[BlackFideId "15200540"]
[EventDate "2022.07.29"]

1. d4 Nf6 2. c4 g6 3. g3 Bg7 4. Bg2 O-O 5. Nc3 d6 6. Nf3 c6 7. O-O Bf5 8. Nh4
Be6 9. b3 d5 10. Rb1 Qd7 11. Qd3 Rd8 12. c5 Ne4 13. f4 Bf6 14. e3 Bxh4 15. gxh4
Nf6 16. Rb2 Bh3 17. Rf3 Bf5 18. Qf1 Qe6 19. Ne2 Nh5 20. Ng3 Nxg3 21. Rxg3 Nd7
22. h5 Nf6 23. hxg6 hxg6 24. Bd2 Kg7 25. Ba5 Rh8 26. Bc7 Nh5 27. Rf3 Rac8 28.
Ba5 Nf6 29. Bd2 Rh7 30. Be1 Ng4 31. Bh1 Rch8 32. Bg3 Nxe3 33. Qe2 Ng4 34. Qxe6
Bxe6 35. b4 a6 36. a4 Nh6 37. Rd3 Nf5 38. Bg2 Ra8 39. Rd1 Rhh8 40. Kf2 Rhb8 41.
Bh3 Nxg3 42. Kxg3 Bxh3 43. Kxh3 Rh8+ 44. Kg3 Rh5 45. h4 Rah8 46. Rh1 e6 47. Rbh2
Kf6 48. Re1 Ke7 49. Re3 Kd7 50. Re5 Rb8 51. a5 Rbh8 52. Rg5 R8h6 53. Rg4 Ke7 54.
Rh3 Kf8 55. Rh2 Kg7 56. Rh1 f6 57. Rh2 Rh8 58. Rh1 Kf7 59. Rh2 Rg8 60. Rf2 Rgh8
61. Rh2 Kg7 62. Rh1 g5 63. fxg5 f5 64. Rf4 Rxg5+ 65. Kf3 Rgh5 66. Rg1+ Kf6 67.
Rgg4 Kf7 68. Kg3 R5h6 69. Rf1 Rg6 70. Rg5 Rxg5+ 71. hxg5 Rh5 72. Kf4 Rh4+ 73.
Ke3 Kg6 74. Rg1 Re4+ 75. Kd3 f4 76. Rh1 Re3+ 77. Kc2 f3 78. Kd2 Re4 79. Rh3
Rxd4+ 80. Ke1 Rxb4 81. Rxf3 Kxg5 82. Rf7 Rb5 0-1

[Event "Olimpiade 2022 - Open"]
[Site "Chennai"]
[Date "06.08.2022"]
[Round "8.54"]
[Board "3"]
[White "Amdouni, Zoubaier"]
[Black "Khoa, Goodwill"]
[Result "1-0"]
[WhiteTitle "FM"]
[WhiteElo "2224"]
[BlackElo "1850"]
[WhiteTeam "Tunisia"]
[BlackTeam "Namibia"]
[WhiteFideId "5500419"]
[BlackFideId "15200264"]
[EventDate "2022.07.29"]

1. e4 c5 2. Nf3 e6 3. d4 cxd4 4. Nxd4 Nc6 5. Nc3 a6 6. Nxc6 bxc6 7. Bd3 Qc7 8.
O-O g6 9. Be3 Rb8 10. Na4 Bg7 11. f4 Nf6 12. c4 O-O 13. e5 Ne8 14. Bc5 d6 15.
exd6 Nxd6 16. Bxg6 Rd8 17. Bd3 Ne4 18. Be3 Nf6 19. Qc2 Qa5 20. Rad1 Kh8 21. Be2
Bd7 22. b3 Qc7 23. Nc5 Ra8 24. Bf3 Be8 25. Rxd8 Qxd8 26. Rd1 Qc7 27. Qd2 a5 28.
Na4 Nd7 29. Qd6 Qxd6 30. Rxd6 Bf8 31. Rxc6 e5 32. Bd5 Rd8 33. Ra6 Bb4 34. fxe5
Kg7 35. Bd4 Nf8 36. e6+ f6 37. Nc5 Ng6 38. Ra7+ Ne7 39. Rxe7+ 1-0

[Event "Olimpiade 2022 - Open"]
[Site "Chennai"]
[Date "06.08.2022"]
[Round "8.55"]
[Board "1"]
[White "Nassr, Ali"]
[Black "Ortega Amarelle, Mariano"]
[Result "0-1"]
[WhiteTitle "IM"]
[BlackTitle "IM"]
[WhiteElo "2263"]
[BlackElo "2463"]
[WhiteTeam "Algeria"]
[BlackTeam "Cape Verde"]
[WhiteFideId "7900520"]
[BlackFideId "3504301"]
[EventDate "2022.07.29"]

1. d4 Nf6 2. Nf3 d5 3. Bf4 c5 4. e3 Nc6 5. c3 Nh5 6. Bg3 Nxg3 7. hxg3 Qb6 8. Qc2
g6 9. Nbd2 Bg7 10. Qb3 e6 11. Be2 O-O 12. O-O Rd8 13. Rfd1 Bd7 14. Rac1 Qa5 15.
dxc5 Qxc5 16. Qc2 Rac8 17. Nb3 Qe7 18. e4 Be8 19. Qb1 Bh6 20. Nbd2 Kg7 21. b3
dxe4 22. Qxe4 f5 23. Qc2 e5 0-1

[Event "Olimpiade 2022 - Open"]
[Site "Chennai"]
[Date "06.08.2022"]
[Round "8.56"]
[Board "1"]
[White "Husbands, Orlando"]
[Black "Mansour, Sameer"]
[Result "1-0"]
[WhiteTitle "IM"]
[BlackTitle "IM"]
[WhiteElo "2353"]
[BlackElo "2275"]
[WhiteTeam "Barbados"]
[BlackTeam "Jordan"]
[WhiteFideId "11101644"]
[BlackFideId "8100144"]
[EventDate "2022.07.29"]

1. e4 c5 2. Nf3 Nc6 3. d4 cxd4 4. Nxd4 g6 5. c4 Nf6 6. Nc3 d6 7. Be2 Nxd4 8.
Qxd4 Bg7 9. Be3 O-O 10. Qd2 Be6 11. O-O Qa5 12. Rfc1 Rfc8 13. f3 Bxc4 14. Nd5
Qxd2 15. Nxe7+ Kf8 16. Bxd2 Kxe7 17. Rxc4 Rxc4 18. Bxc4 Nd7 19. Bg5+ Bf6 20.
Bxf6+ Kxf6 21. Bb5 Nc5 22. Rc1 a5 23. Kf2 a4 24. Ke3 Ra5 25. Bc4 g5 26. Rd1 Ke7
27. Rd5 f6 28. h4 h6 29. hxg5 hxg5 30. Rd1 Nd7 31. Rh1 Nf8 32. b4 axb3 33. axb3
Ra2 34. Bd5 Rxg2 35. Bxb7 g4 36. Bd5 gxf3 37. Kxf3 Rb2 38. Rg1 Ne6 39. Ra1 Nc7
40. Bc4 Kd7 41. Ke3 Kc6 42. Rf1 Ne8 43. Kd4 Rh2 44. Rc1 Kd7 45. Bb5+ Ke7 46. Rc8
Ng7 47. Rc7+ Kf8 48. Bc4 Rd2+ 49. Kc3 Rg2 50. Rf7+ Ke8 51. Rxf6 Kd7 52. Bd5 Kc7
53. Rf7+ Kb6 54. Rb7+ Ka6 55. Rd7 Rg6 56. Bf7 Rg3+ 57. Kd4 Kb6 58. Rxd6+ Kc7 59.
Rg6 Rxg6 60. Bxg6 Ne6+ 61. Ke5 Nc5 62. Bf7 Nd7+ 63. Kd5 Nf6+ 64. Kd4 Nd7 65. e5
Nb6 66. Be6 Na8 67. Kc5 Nb6 68. Bh3 Na8 69. e6 1-0

[Event "Olimpiade 2022 - Open"]
[Site "Chennai"]
[Date "06.08.2022"]
[Round "8.58"]
[Board "2"]
[White "Abdelazeez, Mohamed Abdalla"]
[Black "Al Mutairi, Abdullah F"]
[Result "1-0"]
[WhiteTitle "FM"]
[WhiteElo "2182"]
[BlackElo "1916"]
[WhiteTeam "Sudan"]
[BlackTeam "Saudi Arabia"]
[WhiteFideId "12202576"]
[BlackFideId "21500380"]
[EventDate "2022.07.29"]

1. d4 d5 2. c4 c6 3. Nc3 Nf6 4. Nf3 Bf5 5. cxd5 cxd5 6. e3 Nc6 7. Ne5 a6 8. Qa4
Qc8 9. Nxc6 Bd7 10. Nxe7 Qxc3+ 11. bxc3 Bxa4 12. Nf5 g6 13. Ng3 h5 14. Bd3 Bd6
15. Ne2 O-O 16. Rb1 Bc6 17. f3 Rfe8 18. Kf2 g5 19. h4 g4 20. Bd2 b5 21. Ng3 Bd7
22. Rhe1 Kh8 23. e4 gxf3 24. e5 Ng4+ 25. Kxf3 Be7 26. Rh1 f6 27. Bg6 Rf8 28. e6
Bxe6 29. Rbe1 Ne5+ 30. dxe5 fxe5+ 31. Ke2 Rg8 32. Bf5 Bf7 33. Kf3 Bd6 34. Bg5
e4+ 35. Kf2 Be5 36. Re3 Raf8 37. Be7 Rb8 38. Bc5 Rgf8 39. Rf1 Be6 40. Bxf8 Rxf8
41. Ke1 Bg8 42. Bh3 Rxf1+ 43. Nxf1 a5 44. Bd7 b4 45. cxb4 axb4 46. Ba4 Be6 47.
Bb3 Bf6 48. g3 Bg8 49. Re2 Kg7 50. Ne3 Bc3+ 51. Kf1 Be6 52. Bxd5 Bh3+ 53. Kf2
Kf6 54. Bxe4 Ke5 55. Bg6 Bd4 56. Bxh5 Be6 57. Bf3 Bc4 58. Rd2 Be6 59. Rxd4 Kxd4
60. Bd5 Bxd5 61. Nxd5 Kxd5 62. h5 Ke6 63. Ke3 b3 64. axb3 1-0

[Event "Olimpiade 2022 - Open"]
[Site "Chennai"]
[Date "06.08.2022"]
[Round "8.59"]
[Board "3"]
[White "Florentiades, Michalis"]
[Black "Sakhawaty, Sepehr"]
[Result "1/2-1/2"]
[WhiteElo "1974"]
[BlackElo "1809"]
[WhiteTeam "Cyprus"]
[BlackTeam "Afghanistan"]
[WhiteFideId "5900379"]
[BlackFideId "11701455"]
[EventDate "2022.07.29"]

1. e4 c5 2. Nf3 d6 3. Bb5+ Nd7 4. c3 a6 5. Ba4 Nf6 6. Qe2 b5 7. Bc2 Bb7 8. O-O
g6 9. d4 e5 10. Rd1 Qc7 11. d5 c4 12. b3 cxb3 13. axb3 Bg7 14. Nfd2 O-O 15. Nf1
Nb6 16. Bd2 Nfd7 17. Na3 f5 18. f3 fxe4 19. fxe4 Rf7 20. c4 bxc4 21. Nxc4 Nxc4
22. Qxc4 Qb6+ 23. Kh1 Rc8 24. Qd3 Nf6 25. Ne3 Rcf8 26. Rf1 Nh5 27. Rxf7 Rxf7 28.
Nc4 Qd8 29. Rf1 Nf4 30. Bxf4 exf4 31. Qd2 Bc8 32. Qb4 Bf8 33. Qb6 Qg5 34. Bd1
Qe7 35. Bf3 g5 36. h3 Rg7 37. Qb8 Bd7 38. e5 dxe5 39. Nxe5 Bb5 40. Rc1 Qa7 41.
Qxa7 Rxa7 42. Rc8 Kg7 43. Nc6 Bxc6 44. dxc6 Bd6 45. Rd8 Be7 46. Rd7 Rxd7 47.
cxd7 a5 48. Bc6 Kf6 49. Kg1 Ke5 50. Kf2 Kd6 51. Ba4 h5 52. Kf3 Ke5 53. Bc6 Kd4
54. Ba4 Bd8 55. Bc6 Kc5 56. Ba4 Kd4 57. Bc6 Kc5 1/2-1/2